000 00575nam a22001817a 4500
003 UA-OsUOA
001 8900
007 ta
008 20041005b un ||||| |||| 00| 0 ukr d
100 _aТихолоз Б.
942 _cSA
040 _aUA-OsUOA
_cUA-OsUOA
_dUA-OsUOA
245 _aМайстер різьбленого стилоса , або два кольори опришкової душі : До 75 - річчя Дмитра Павличка
300 _aС.65-69
955 _a0
773 0 _w0
_tДИВОСЛОВО
_d2004
_dN9
650 7 _aПавличко Д.
_2UDC
999 _c295061
_d295061